| Поле | Название | Значение |
| |
Тип записи |
a |
| |
Библиографический уровень |
m |
| 001 |
Контрольный номер |
RU/URAIT/565990 |
| 005 |
Дата корректировки |
20260429163637.6 |
| 008 |
Кодируемые данные |
260429s2025 RU y f j 000 0 rus u |
| 020 |
Индекс ISBN |
__ |
| a |
ISBN |
978-5-534-10501-8 |
| c |
Цена, тираж |
509.00 |
| 040 |
Источник каталогиз. |
__ |
| a |
Служба первич. каталог. |
ИКО Юрайт |
| c |
Служба, преобразующая запись |
ИКО Юрайт |
| e |
Правила каталог. |
RCR |
| 041 |
Код языка издания |
__ |
| a |
Код языка текста |
rus |
| 044 |
Код страны публикации |
__ |
| a |
Код страны публикации |
RU |
| 080 |
Индекс УДК |
__ |
| a |
Индекс УДК |
7 |
| 084 |
Индекс другой классификации/Индекс ББК |
__ |
| 2 |
Источник индекса |
rubbk |
| a |
Индекс другой классификации/Индекс ББК |
85 |
| 100 |
Автор |
__ |
| a |
Автор |
Лессинг Г. Э. |
| q |
Полное имя |
Лессинг Готхольд Эфраим |
| 245 |
Заглавие |
__ |
| a |
Заглавие |
Лаокоон, или о границах живописи и поэзии |
| b |
Продолж. заглавия |
- служебная - для во и спо |
| c |
Ответственность |
Г. Э. Лессинг ; переводчик Е. Н. Эдельсон. |
| 256 |
Характеристики компьютерного файла |
__ |
| a |
Характеристики компьютерного файла |
Электрон. дан. |
| 260 |
Выходные данные |
__ |
| a |
Место издания |
Москва |
| b |
Издательство |
Юрайт |
| c |
Дата издания |
2025 |
| 300 |
Физическое описание |
__ |
| a |
Объем |
148 с |
| 440 |
Серия |
__ |
| a |
Серия |
Антология мысли |
| 500 |
Примечания |
__ |
| a |
Примечание |
URL: https://urait.ru/bcode/565990 (дата обращения: 29.04.2026). |
| 520 |
Аннотация |
__ |
| a |
Аннотация |
Готхольд Лессинг заслуженно считается основоположником немецкой классической литературы. В своей знаменитой работе «Лаокоон, или О границах живописи и поэзии», ставшей уже памятником эстетической мысли, он поднимает вопрос о самой природе поэзии и живописи и о границах между ними. Различия живописи и поэзии автор определяет на примере сравнения описания скульптуры Лаокоона и его же образа в поэме «Энеида» Вергилия. Для широкого круга читателей. |
| 538 |
Прим. о системных особенностях |
__ |
| a |
Прим. о системных особенностях |
Режим доступа: Электронно-библиотечная система Юрайт, для авториз. пользователей |
| 653 |
Ключевые слова |
__ |
| a |
Ключевые слова |
Искусствознание. История искусств |
| 653 |
Ключевые слова |
__ |
| a |
Ключевые слова |
Гуманитарные науки |
| 653 |
Ключевые слова |
__ |
| a |
Ключевые слова |
Введение в историю искусства |
| 653 |
Ключевые слова |
__ |
| a |
Ключевые слова |
Всеобщая история искусства |
| 653 |
Ключевые слова |
__ |
| a |
Ключевые слова |
Общая теория искусства |
| 653 |
Ключевые слова |
__ |
| a |
Ключевые слова |
История и теория искусств |
| 653 |
Ключевые слова |
__ |
| a |
Ключевые слова |
История и теория мировой культуры |
| 653 |
Ключевые слова |
__ |
| a |
Ключевые слова |
История искусства |
| 653 |
Ключевые слова |
__ |
| a |
Ключевые слова |
Общая теория искусств |
| 653 |
Ключевые слова |
__ |
| a |
Ключевые слова |
История искусств |
| 653 |
Ключевые слова |
__ |
| a |
Ключевые слова |
История пространственных и пластических искусств (живопись, скульптура, дизайн, сценография, архитектура) |
| 653 |
Ключевые слова |
__ |
| a |
Ключевые слова |
Теория и история искусства |
| 653 |
Ключевые слова |
__ |
| a |
Ключевые слова |
Основы искусствоведения |
| 653 |
Ключевые слова |
__ |
| a |
Ключевые слова |
Введение в искусствознание |
| 653 |
Ключевые слова |
__ |
| a |
Ключевые слова |
Искусствоведение |
| 653 |
Ключевые слова |
__ |
| a |
Ключевые слова |
История и теория искусства |
| 653 |
Ключевые слова |
__ |
| a |
Ключевые слова |
Теория и история мировой культуры |
| 653 |
Ключевые слова |
__ |
| a |
Ключевые слова |
История и теория искусств и дизайна |
| 700 |
Другие авторы |
__ |
| a |
Другие авторы |
Эдельсон Е. Н. |
| q |
Полное имя |
Эдельсон Евгений Николаевич |
| 856 |
Электронный адрес документа |
40 |
| n |
Местонахождение сервера |
Юрайт |
| g |
|
Электронная книга |
| q |
Тип электронного формата |
html |
| h |
Имя пользователя |
ЮРАЙТ |
| v |
Часы доступа к ресурсу |
20271231 |
| 2 |
Способ доступа |
Показать документ |
| x |
Служебное примечание |
https://urait.ru/book/cover/7271CD0C-97D8-4469-9D02-EECB2594784A |
| u |
URL |
https://urait.ru/bcode/565990 |
| 856 |
Электронный адрес документа |
48 |
| q |
Тип электронного формата |
cover |
| u |
URL |
https://urait.ru/book/cover/7271CD0C-97D8-4469-9D02-EECB2594784A |
| 911 |
|
__ |
| u |
|
0030=https://urait.ru/bcode/565990 |
| 911 |
|
__ |
| u |
|
073a=9785534105018 |
| u |
|
073d=509.00 |
| 911 |
|
__ |
| u |
|
106a=s |
| 911 |
|
__ |
| u |
|
900l= |
| 952 |
Тип литературы |
__ |
| i |
Дисциплина |
Введение в историю искусства |
| 952 |
Тип литературы |
__ |
| i |
Дисциплина |
Всеобщая история искусства |
| 952 |
Тип литературы |
__ |
| i |
Дисциплина |
Общая теория искусства |
| 952 |
Тип литературы |
__ |
| i |
Дисциплина |
История и теория искусств |
| 952 |
Тип литературы |
__ |
| i |
Дисциплина |
История и теория мировой культуры |
| 952 |
Тип литературы |
__ |
| i |
Дисциплина |
История искусства |
| 952 |
Тип литературы |
__ |
| i |
Дисциплина |
Общая теория искусств |
| 952 |
Тип литературы |
__ |
| i |
Дисциплина |
История искусств |
| 952 |
Тип литературы |
__ |
| i |
Дисциплина |
История пространственных и пластических искусств (живопись, скульптура, дизайн, сценография, архитектура) |
| 952 |
Тип литературы |
__ |
| i |
Дисциплина |
Теория и история искусства |
| 952 |
Тип литературы |
__ |
| i |
Дисциплина |
Основы искусствоведения |
| 952 |
Тип литературы |
__ |
| i |
Дисциплина |
Введение в искусствознание |
| 952 |
Тип литературы |
__ |
| i |
Дисциплина |
Искусствоведение |
| 952 |
Тип литературы |
__ |
| i |
Дисциплина |
История и теория искусства |
| 952 |
Тип литературы |
__ |
| i |
Дисциплина |
Теория и история мировой культуры |
| 952 |
Тип литературы |
__ |
| i |
Дисциплина |
История и теория искусств и дизайна |